| 000 | 00444nam a2200157Ia 4500 | ||
|---|---|---|---|
| 008 | 220216s9999 xx 000 0 und d | ||
| 100 |
_aFraiha H _cet al |
||
| 245 | 0 | _aHaemorrhagic syndrome by contact with moth larvae (Lepidoptera, Saturniidae) | |
| 260 |
_bInstituto Evandro Chagas _c1986 |
||
| 300 | _a811-820 | ||
| 500 | _aSource Year: 1993 | ||
| 650 | _aLonomia achelous | ||
| 650 | _aRubber plantation | ||
| 856 | _uRAE | ||
| 942 | _cJS | ||
| 999 |
_c60210 _d60210 |
||